Information Systems
Na minha lista:
| Formato: | Periódico |
|---|---|
| Idioma: | idiomas múltiplos |
| Publicado em: |
Oxford
Elsevier
|
| Tags: |
Sem tags, seja o primeiro a adicionar uma tag!
|
MARC
| LEADER | 00000nas1a2200000 4500 | ||
|---|---|---|---|
| 001 | 0306750 | ||
| 005 | 20250701092107.7 | ||
| 022 | |a 0306-4379 | ||
| 022 | |a 1873-6076 | ||
| 041 | 0 | |a mul | |
| 044 | |a GB | ||
| 245 | 1 | 0 | |a Information Systems |
| 264 | 1 | |a Oxford |b Elsevier | |